000 00613nam a2200265Ia 4500
005 20260306164233.0
008 008 260114s9999 xx 000 0 eng d
020 _a9780748671786
037 _aEBOOK
040 _aCRL
040 _beng
040 _cCRL
041 _2eng
041 _aeng
084 _qCRL
100 _aStill
245 0 _aDerrida And Hospitality Theory And Practice
260 _bEdinburgh University Press
260 _c2012
650 _aPhilosophy
856 _uhttps://academic.oup.com/book/20015
942 _cEBOOK
999 _c1713308
_d1713308